LEADER 01176nam a2200241 i 4500 001 000000218651 003 CaOOAMICUS 005 20130214000000.0 008 130214s2010 it u000 u fre u 013 $a197548 020 $a978-2-7122-1095-3 040 $aSeMil$bita 100 1 $aCànopi, Anna Maria,$c.$0(OLS)http://semarc/name/90313 245 10$aMansuétude, voie de paix :$blecture "spirituelle et communautaire" de la Règle de saint Benoît avec la mansuétude comme clé d'interprétation /$cAnna Maria Canopi. 260 $aParis :$bMédiaspaul,$c2010. 300 $a623 p. ;$c21 cm. 650 4$aBenedettini - Regola - Commenti.$0(OLS)http://semarc/subject/21043 850 $aSeMil 852 $aSeMil$W1$xVenegono$y1$m2C I 795$j256492$B169058$CSeMilBibl$Z2$F180506 $81 961 $aOmaggio: Altro 996 $6020$a978-2-7122-1095-3$9(OLS)http://semarc/number/216449 996 $6245$aMansuétude, voie de paix :$blecture "spirituelle et communautaire" de la Règle de saint Benoît avec la mansuétude comme clé d'interprétation$9(OLS)http://semarc/title/313876 996 $6260$aParis :$bMédiaspaul$9(OLS)http://semarc/publisher/32030 LEADER 00665nam a2200193 i 4500 001 000000194252 003 CaOOAMICUS 005 20260306144255.0 008 101109s2010 it u000 u ita u 040 $aSeMil$bita 245 10$aVol. 2. 300 $aP. 851-1733 :$bill. ; 500 $aIn custodia. 773 0 $tRoma.$dRoma : Istituto della Enciclopedia Italiana, 2010.$kLuoghi dell'arte$g2$w()23941 850 $aSeMil 852 $aSeMil$W1$xVenegono$y1$mSL1.K VII 30/2$j268072$B144826$CSeMilBibl$Z2$F157773 $8I 961 $aAcquisto: Treccani, Istituto della Enciclopedia Italiana 996 $6245$aVol. 2$9(OLS)http://semarc/title/13458